Statistics for Movies Set in Chicago Quiz

Click here to take the quiz!

General Stats

  • This quiz has been taken 25,986 times
    (9,516 since last reset)
  • The average score is 9 of 18

Answer Stats

SummaryMovie/TV Show% Correct
Boy stymies burglars with the aid of booby trapsHome Alone
96%
Free-spirited teenager plays hookieFerris Bueller's Day Off
81%
Five teens from different cliques spend Saturday in detentionThe Breakfast Club
81%
Two musical brothers prevent the closure of their former orphanageThe Blues Brothers
71%
Hospital drama that ran for 15 seasonsER
62%
Falsely accused doctor must prove his innocenceThe Fugitive
53%
Shoe salesman has a trashy wife, hot daughter, and dorky sonMarried... with Children
50%
Two nerds use their computer to make a womanWeird Science
46%
Al Capone: "I want you to find this nancy-boy Eliot Ness, I want him DEAD!
I want his family DEAD!"
The Untouchables
45%
In the dystopian future, teenagers are placed into one of five different factionsDivergent
41%
Horror monster can be summoned by saying his name five timesCandyman
38%
Police officer and family enjoy the antics of a nerdy neighborFamily Matters
37%
Man struggles to reclaim his South Side hair-cutting businessBarbershop
33%
Record store owner makes top 5 listsHigh Fidelity
33%
Cop and teacher meet in "Overeaters Anonymous" and fall in loveMike & Molly
27%
Depression-era grifters plan an elaborate con involving a
fake horse-betting operation
The Sting
27%
Man grudgingly tolerates his strange foreign cousin, BalkiPerfect Strangers
26%
A "Dyn-O-Mite" sitcom set in the housing projectsGood Times
24%

Score Distribution

Percentile by Number Answered

Percent of People with Each Score

Your Score History

You have not taken this quiz since the last reset